|
|
|
|
| LEADER |
02325nam a2200625 a 4500 |
| 001 |
nkc20102112048 |
| 003 |
CZ PrNK |
| 005 |
20240318145325.0 |
| 007 |
ta |
| 008 |
100621s2010 xr ace e f 001 0dcze |
| 015 |
|
|
|a cnb002112048
|
| 020 |
|
|
|a 978-80-7437-028-1
|q (váz.)
|
| 035 |
|
|
|a (OCoLC)693925778
|
| 040 |
|
|
|a ABA001
|b cze
|
| 041 |
0 |
|
|a cze
|b eng
|b fre
|b ger
|b ita
|
| 043 |
|
|
|a e-it---
|
| 045 |
|
|
|a s-x-
|
| 072 |
|
7 |
|a 72
|x Architektura
|2 Konspekt
|9 21
|
| 080 |
|
|
|a 728.84
|2 MRF
|
| 080 |
|
|
|a 72
|2 MRF
|
| 080 |
|
|
|a 72/76.05
|2 MRF
|
| 080 |
|
|
|a 930.85
|2 MRF
|
| 080 |
|
|
|a (450)
|2 MRF
|
| 080 |
|
|
|a (036)
|2 MRF
|
| 080 |
|
|
|a (0:82-4)
|2 MRF
|
| 080 |
|
|
|a (084.12)
|2 MRF
|
| 100 |
1 |
|
|a Máchalová, Jana,
|d 1952-
|7 mzk2002105488
|4 aut
|
| 245 |
1 |
0 |
|a Příběhy slavných italských vil /
|c Jana Máchalová ; k vydání připravil Ivan Chvatík ; [fotografie Ivan Chvatík et al.]
|
| 260 |
|
|
|a Praha :
|b KANT,
|c 2010
|
| 300 |
|
|
|a 415 s. :
|b il. (převážně barev.), portréty, plány ;
|c 23 cm
|
| 504 |
|
|
|a Obsahuje bibliografii a rejstřík
|
| 546 |
|
|
|a Anglické, francouzské, německé a italské resumé
|
| 648 |
|
7 |
|a 15.-20. století
|7 ch757041
|2 czenas
|
| 650 |
0 |
7 |
|a vily
|7 ph127102
|z Itálie
|2 czenas
|
| 650 |
0 |
7 |
|a vily
|7 ph127102
|x dějiny
|2 czenas
|
| 650 |
0 |
7 |
|a architektura
|7 ph118586
|z Itálie
|y 15.-20. století
|2 czenas
|
| 650 |
0 |
7 |
|a umělecká výzdoba
|7 ph136757
|z Itálie
|y 15.-20. století
|2 czenas
|
| 650 |
0 |
7 |
|a kulturní dějiny
|7 ph122020
|z Itálie
|y 15.-20. století
|2 czenas
|
| 650 |
0 |
9 |
|a villas
|z Italy
|2 eczenas
|
| 650 |
0 |
9 |
|a villas
|x history
|2 eczenas
|
| 650 |
0 |
9 |
|a architecture
|z Italy
|y 15th-20th centuries
|2 eczenas
|
| 650 |
0 |
9 |
|a artistic decoration
|z Italy
|y 15th-20th centuries
|2 eczenas
|
| 650 |
0 |
9 |
|a cultural history
|z Italy
|y 15th-20th centuries
|2 eczenas
|
| 655 |
|
7 |
|a průvodce
|7 fd133154
|2 czenas
|
| 655 |
|
7 |
|a črty
|7 fd133977
|2 czenas
|
| 655 |
|
7 |
|a fotografické publikace
|7 fd132276
|2 czenas
|
| 655 |
|
9 |
|a guidebooks
|2 eczenas
|
| 655 |
|
9 |
|a literary sketches
|2 eczenas
|
| 655 |
|
9 |
|a photographical works
|2 eczenas
|
| 700 |
1 |
|
|a Chvatík, Ivan,
|d 1941-
|7 jn20000400408
|4 edt
|4 pht
|
| 910 |
2 |
|
|a BOA001
|b 2-1263.284
|
| 990 |
|
|
|a BK
|
| 995 |
|
|
|a 01
|
| 991 |
|
|
|b 201104
|c NOV
|e n
|
| 996 |
6 |
|
|b 2610473693
|c 2-1263.284
|l MZK
|r Sklad / do 1 hodiny
|n 11
|p p.v.
|w 001173596
|u 000010
|a 1
|e BOA001
|j MZK50
|s P
|